Statistiques concernant Personnage Bio-Teens

Cliquez ici pour prendre le quiz!

Statistiques générales

  • Ce quiz a été pris 51 fois
  • Le résultat moyen est 7 sur 9

Statistiques - réponses

IndicesRéponses% Correct
Grand frèreAdam
96%
Petit frèreChase
96%
SoeurBree
92%
Demi frère des bio-teensLeo
92%
Femme de DavenportTasha
81%
Père adoptifDonald
77%
Vrai pèreDouglas
77%
Intelligence artificielle de la maisonEddy
73%
AndroïdeMarcus
62%

Distribution des résultats

Percentile par nombre de réponses

% des personnes avec chaque résultat

Votre développement - résultats

Vous n’avez pas pris ce quiz